000 00910nam a2200277Ia 4500
003 OSt
005 20220924122511.0
006 a|||||r|||| 00| 0
007 ta
008 220923b |||||||| |||| 00| 0 eng d
020 _a9781138107106 (hbk)
020 _cINR 895.00
024 _a348752
037 _b107, 06/02/2019, Classic Book Service
_cTextual
040 _aARTS
_cARTS
_beng
041 _2eng
_aeng
082 _aO15,1A2:g, 111Q8
100 _aChandra Sibesh [...et al] Ed.
_9189692
245 0 _aExploring agency in the Mahabharata
_b ethical and political dimensions of dharma
260 _aLondon
_bRoutledge UK
_c2018
300 _axiv,253p.
_ccm.
650 _a SANSKRIT LITERATURE
650 _aMAHABHARATA
_939800
942 _hO15,1A2:g, 111Q8
_cTEXL
_2CC
999 _c411870
_d411870